Statistiques concernant Petit Bac #08 - Types Pokémon

Cliquez ici pour prendre le quiz!

Statistiques générales

  • Ce quiz a été pris 352 fois
    (137 depuis la dernière actualisation)
  • Le résultat moyen est 12 sur 15

Statistiques - réponses

1ère Lettre Type Pokémon % Correct
EEau / Electrik
99%
FFée / Feu
98%
PPlante / Poison / Psy
96%
SSol / Spectre
92%
RRoche
88%
VVol
88%
DDragon
87%
NNormal
83%
TTénèbres
83%
AAcier
82%
GGlace
81%
CCombat
81%
IInsecte / Incolore (JCC)
80%
OObscur / Obscurité (JCC)
37%
M (JCC)Metal (JCC)
28%

Distribution des résultats

Percentile by Number Answered

% des personnes avec chaque résultat

Votre développement - résultats

Vous n’avez pas pris ce quiz depuis la dernière actualisation